| 000 | 01474 a2200265 4500 | ||
|---|---|---|---|
| 003 | OSt | ||
| 005 | 20260305121811.0 | ||
| 008 | 260305b |||||||| |||| 00| 0 eng d | ||
| 020 | _a9788177022827 (Set) (hbk) | ||
| 037 | _cREF | ||
| 040 |
_cCRL _aCRL |
||
| 041 |
_2hin _ahin _hsan |
||
| 084 |
_aO15,1J55x Q3.1-.4 (RR) _qCRL |
||
| 245 |
_aकेशवकाव्यकलानिधि: _bआचार्य केशवचन्द्रदाश ग्रंथावली |
||
| 246 | _aKesavakavyakalanidhih: complete sanskrit works of Prof. Keshanb Chandra Dash | ||
| 260 |
_aदिल्ली, भारत: _bप्रतिभा प्रकाशन, _c2013. |
||
| 300 | _aखण्ड 1 (1-334पृ.), खण्ड 2 (1-376पृ.), खण्ड 3 (1-400पृ.), खण्ड 4 (1-500पृ.) | ||
| 365 |
_b4500.00 _cINR |
||
| 440 | _vखण्ड (1-4) | ||
| 650 | _aसंस्कृत साहित्य | ||
| 650 | _aसंस्कृत कविता | ||
| 700 |
_aशुक्ल, राधे श्याम _eसम्पादक _91123579 |
||
| 942 |
_cREF _2CC _hO15,1J55x Q3.1-.4 (RR) |
||
| 999 |
_c1435568 _d1435568 |
||